000 00814nam a2200253Ia 4500
003 OSt
005 20221005043850.0
006 a|||||r|||| 00| 0
007 ta
008 221004b |||||||| |||| 00| 0 eng d
020 _a140394654X
_c3503.7
024 _a85235
037 _b1211, 24/03/2006, The Book Seller
_cTextual
040 _aCRL
_cCRL
_beng
041 _2eng
_aeng
082 _aWv1, P5
100 _aAstrov Alexander
_9322358
245 0 _aOn world politics
_b R. G. Collingwood, Michael Oakeshott and Neotraditionalism in international relations
260 _aHampshire
_bPalgrave Macmillan U. K.
_c2005
300 _a184p.
_ccm.
650 _aPOLITICAL SCIENCE
942 _hWv1, P5
_cTEXL
_2cc
999 _c952531
_d952531